000 01127nam a2200217Ia 4500
003 Ost
005 20260507075028.0
008 260507s9999||||xx |||||||||||||| ||und||
040 _cfsecg
041 _aara
082 _a330
100 _aالجمال، مصطفى محمد
_eمؤلف
245 0 _aالتأمين الخاص وفقا لأحكام القانون المدني المصري /
_c مصطفى محمد الجمال
260 _aالإسكندرية:
_bالفتح للطباعة والنشر,
_c2003
300 _a338 صفحة؛
_bإيضاحات ؛
_c24 سم
520 _aمنظومة التأمين، عقد التأمين، مشروعية التأمين، آثار التأمين، إلتزام المؤمن له بإعلام المؤمن بإحداثيات الخطر، الإلتزام بمقابل التأمين، إلتزام المؤمن بقيمة التأمين، تقادم الدعاوى الناشئة عن التأمين
653 _aالتأمين - البنوك
653 _aالتأمين - قوانين وتشريعات
653 _aقانون المدني- مصر
942 _cكتاب
999 _c42363
_d42363